Normal view MARC view
  • Popper, Karl R.

Entry Nombre Personal

Number of records used in: 6

001 - NUMERO DE CONTROL

  • campo de control: 1492

003 - IDENTIFICADOR DE NUMERO DE CONTROL

  • campo de control: UPN

005 - FECHA Y HORA DE LA ÜLTIMA TRANSACCIÓN

  • campo de control: 20230131154726.0

008 - DATOS DE LONGITUD FIJA

  • campo de control de longitud fija: 220816n||acnnnbabn | ana |d

035 ## - NUMERO DE CONTROL

  • Número de control: UPN10000001492

040 ## - FUENTE DE CATALOGACIÓN

  • Agencia original de catalogación: UPN
  • Lenguaje de catalogación: spa
  • Agencia de transcripción: UPN

053 #4 - NÚMERO DE CLASIFICACIÓN LC

  • Número de clasificación elemento-número único o número inicial de tramo: B1649 P64

100 1# - ENCABEZAMIENTO - NOMBRE PERSONAL

  • Nombre personal: Popper, Karl R.
  • Fuller form of name: (Karl Raimund),
  • Fechas asociadas con el nombre: 1902-1994
  • Subdivisión temática general : Crítica e interpretación

670 ## - FUENTE EN LA QUE SE LOCALIZARON DATOS

  • Cita de la fuente: T/P
  • Información localizada: Océano uno, ed. 2003

902 ## - CATALOGADOR

  • Catalogador: MEEG/060202